| 000 | 01104nam a2200301 i 4500 | ||
|---|---|---|---|
| 001 | bg | ||
| 003 | BPK | ||
| 005 | 20191002141500.0 | ||
| 008 | 000817s2000 pl a f |000 0 pol | ||
| 015 | _aPB 2000/15056 | ||
| 020 | _a8372071829 | ||
| 040 |
_aWA N _cBPK |
||
| 080 | _a53 | ||
| 080 | _a378.244 | ||
| 080 | _a(075.3+076) | ||
| 100 | 1 |
_aJabłoński, Wojciech _d(?-2005). |
|
| 245 | 1 | 0 |
_aZbiór pytań i zadań z fizyki z rozwiązaniami dla kandydatów na studia techniczne / _cWojciech Jabłoński, Rajmund Trykozko. |
| 250 | _aWyd. 3 uzup. | ||
| 260 |
_aWarszawa : _bOficyna Wydawnicza Politechniki Warszawskiej, _c2000. |
||
| 300 |
_a309, [1] s. : _bil. ; _c24 cm. |
||
| 650 | 4 |
_aFizyka _xszkoły średnie. |
|
| 655 | 4 | _aĆwiczenia i zadania dla szkół średnich. | |
| 650 | 4 | _aEgzaminy do szkół wyższych | |
| 700 | 1 |
_aTrykozko, Rajmund _d(1930- ). |
|
| 710 | 2 |
_aPolitechnika Warszawska. _bOficyna Wydawnicza. _4pbl. |
|
| 856 |
_uhttp://koha.tu.koszalin.pl/cgi-bin/koha/opac-detail.pl?biblionumber=38154 _yKatalog online BPK |
||
| 942 |
_2UKD _cKS |
||
| 999 |
_c38154 _d38154 |
||